Normal view MARC view

Entry Nombre personal

Number of records used in: 1

001 - NÚMERO DE CONTROL

  • campo de control: 975

003 - IDENTIFICADOR DE NÚMERO DE CONTROL

  • campo de control: AR-BaBN

005 - FECHA Y HORA DE LA ÚLTIMA TRANSACCIÓN

  • campo de control: 20260326152217.0

008 - ELEMENTOS DE DATO DE LONGITUD-FIJA

  • campo de control de longitud fija: 130313nn acznnaabn |a aaa

016 7# - NÚMERO DE CONTROL DE UNA AGENCIA BIBLIOGRÁFICA NACIONAL

  • Número de control del registro: 000025994
  • Fuente: AR-BaBN

024 7# - IDENTIFICADOR DE OTROS ESTÁNDARES

  • Número estándar o código: 4929765
  • Fuente: viaf
  • URI de un objeto del mundo real: http://viaf.org/viaf/4929765

040 ## - FUENTE DE CATALOGACIÓN

  • Centro catalogador/agencia de origen: AR-BaBN
  • Lengua de catalogación: spa
  • Centro/agencia transcriptor: AR-BaBN

046 ## - FECHAS CON CODIFICACIÓN ESPECIAL

  • Fecha de nacimiento: 1873
  • Fecha de la muerte: 1933
  • Fuente del esquema de fecha: edtf

075 ## - TIPO DE ENTIDAD

  • Término tipo de entidad: persona
  • Fuente: rda

100 1# - ENCABEZAMIENTO-NOMBRE DE PERSONA

  • Nombre de persona: Ferenczi, Sándor,
  • Fechas asociadas al nombre: 1873-1933

400 1# - TRAZADO DE VÉASE--NOMBRE DE PERSONA

  • Nombre de persona: Ferenczi, S.
  • Forma completa/desarrollada del nombre: (Sándor),
  • Fechas asociadas al nombre: 1873-1933

670 ## - FUENTE DE DATOS ENCONTRADOS

  • Cita de la fuente: Catálogo BNA, 13-03-13:
  • Información encontrada: (encab.: Ferenczi, Sándor, 1873-1933; uso: Sándor Ferenczi)

670 ## - FUENTE DE DATOS ENCONTRADOS

  • Cita de la fuente: Catálogo LC, 13-03-13:
  • Información encontrada: (encab.: Ferenczi, Sándor, 1873-1933; uso: S. Ferenczi)

670 ## - FUENTE DE DATOS ENCONTRADOS

  • Cita de la fuente: WWW.amorrortueditores.com, 13-03-2013:
  • Información encontrada: (Sándor Ferenczi; n. en Hungría en 1873; m. a los cincuenta y nueve años; Conoció a Freud en 1908 y pronto llegó a ser uno de sus discípulos predilectos)
  • Identificador Uniforme de Recurso: http://www.amorrortueditores.com/libro.php?p_id_libro=379#autor